Engineering physical metallurgy / (Record no. 16393)
[ view plain ]
| 000 -LEADER | |
|---|---|
| fixed length control field | 00929nam a22002772 4500 |
| 001 - CONTROL NUMBER | |
| control field | 16393 |
| 003 - CONTROL NUMBER IDENTIFIER | |
| rucl marc code | UkOxU |
| 005 - DATE AND TIME OF LATEST TRANSACTION | |
| control field | 20211209000014.0 |
| 008 - FIXED-LENGTH DATA ELEMENTS--GENERAL INFORMATION | |
| fixed length control field | 140213s19551939enka 001 0 eng d |
| 035 ## - SYSTEM CONTROL NUMBER | |
| System control number | OCLC ocm17971896 from D970904M |
| -- | (BD-RjUL)16448 |
| 040 ## - CATALOGING SOURCE | |
| Original cataloging agency | NLW |
| Transcribing agency | NLW |
| Modifying agency | BD-RjUL |
| Language of cataloging | eng |
| 041 ## - LANGUAGE CODE | |
| Language code of text/sound track or separate title | eng |
| 082 ## - DEWEY DECIMAL CLASSIFICATION NUMBER | |
| Classification number | 669.02 |
| Author mark and year | HEE 1955 |
| Edition number | 23 |
| 100 1# - MAIN ENTRY--PERSONAL NAME | |
| Personal name | Heyer, Robert Harry. |
| 9 (RLIN) | 50678 |
| 245 10 - TITLE STATEMENT | |
| Title | Engineering physical metallurgy / |
| Statement of responsibility, etc. | by Robert H. Heyer. |
| 260 ## - PUBLICATION, DISTRIBUTION, ETC. (IMPRINT) | |
| Place of publication, distribution, etc. | London : |
| Name of publisher, distributor, etc. | Chapman & Hall, |
| Date of publication, distribution, etc. | c1939 [Reprinted 1955]. |
| 300 ## - PHYSICAL DESCRIPTION | |
| Pagination | viii, 549 p. : |
| Illustrations | illus., fold. pl., diagrs. ; |
| Size | 24 cm. |
| 500 ## - GENERAL NOTE | |
| General note | "References" at end of each chapter. |
| General note | "First published, July, 1939 ... reprinted September, 1940 ... February, 1942." |
| 504 ## - BIBLIOGRAPHY, ETC. NOTE | |
| Bibliography, etc | includes index. |
| 650 #0 - SUBJECT ADDED ENTRY--TOPICAL TERM | |
| Topical term or geographic name as entry element | Metallurgy. |
| 9 (RLIN) | 50679 |
| Topical term or geographic name as entry element | Metals. |
| 9 (RLIN) | 50680 |
| Topical term or geographic name as entry element | Alloys. |
| 9 (RLIN) | 50681 |
| Topical term or geographic name as entry element | Steel |
| General subdivision | Metallurgy. |
| 9 (RLIN) | 41670 |
| 942 ## - ADDED ENTRY ELEMENTS (KOHA) | |
| Source of classification or shelving scheme | Dewey Decimal Classification |
| Koha item type | Books |
| Lost status | Source of classification or shelving scheme | Damaged status | Not for loan | Collection code | Permanent Location | Current Location | Shelving location | Date acquired | Source of acquisition | Cost, normal purchase price | Total Checkouts | Full call number | Date last seen | Copy number | Koha item type |
|---|---|---|---|---|---|---|---|---|---|---|---|---|---|---|---|
| Dewey Decimal Classification | Non-fiction | Central Library, University of Rajshahi | Central Library, University of Rajshahi | 11/11/1967 | sweets and Zitlinger | 58.00 | 669.02 HEE 1955 | 13/02/2014 | C-2 | Books | |||||
| Dewey Decimal Classification | Non-fiction | Central Library, University of Rajshahi | Central Library, University of Rajshahi | 11/11/1967 | Swets & Zeitlinger | 58.00 | 669.02 HEE 1955 | 23/11/2019 | C-3 | Books | |||||
| Dewey Decimal Classification | Not For Loan | Non-fiction | Central Library, University of Rajshahi | Central Library, University of Rajshahi | Reading Room | 11/11/1967 | Swets & Zeitlinger | 58.00 | 669.02 HEE 1955 | 23/11/2019 | C-1 | Books |